000 00321nam a2200133Ia 4500
008 220216s9999 xx 000 0 und d
100 _aJacob Jom
245 0 _aFallacies galore as prices slump
260 _bRubber Asia
_c2015
300 _a74-80
500 _aSource Year: 2015
650 _aRubber price
942 _cJS
999 _c59277
_d59277